<?xml version="1.0" encoding="UTF-8"?>
<record
    xmlns:xsi="http://www.w3.org/2001/XMLSchema-instance"
    xsi:schemaLocation="http://www.loc.gov/MARC21/slim http://www.loc.gov/standards/marcxml/schema/MARC21slim.xsd"
    xmlns="http://www.loc.gov/MARC21/slim">

  <leader>00992nam a2200289Ia 4500</leader>
  <controlfield tag="001">Z_1619</controlfield>
  <controlfield tag="003">CHAP</controlfield>
  <controlfield tag="008">220113s1988    xx            000 0 und d</controlfield>
  <datafield tag="010" ind1=" " ind2=" ">
    <subfield code="a">164706</subfield>
  </datafield>
  <datafield tag="040" ind1=" " ind2=" ">
    <subfield code="c">CHAP</subfield>
  </datafield>
  <datafield tag="082" ind1=" " ind2=" ">
    <subfield code="a">636.08 S32</subfield>
  </datafield>
  <datafield tag="100" ind1=" " ind2=" ">
    <subfield code="a">Salinas Gonz&#xE1;lez, Homero, ed</subfield>
    <subfield code="9">138780</subfield>
  </datafield>
  <datafield tag="245" ind1=" " ind2=" ">
    <subfield code="a">La simulaci&#xF3;n en los sistemas de producci&#xF3;n agropecuarios  /</subfield>
    <subfield code="c">ed. por Homero Salinas Gonz&#xE1;lez y Sa&#xFA;l Flores A</subfield>
  </datafield>
  <datafield tag="260" ind1=" " ind2=" ">
    <subfield code="a">Matamoros, Coah  :</subfield>
    <subfield code="b">INIFAP. Centro de Investigaciones Forestales y Agropecuarias Regi&#xF3;n Lagunera,</subfield>
    <subfield code="c">1988</subfield>
  </datafield>
  <datafield tag="300" ind1=" " ind2=" ">
    <subfield code="a">193 p</subfield>
  </datafield>
  <datafield tag="440" ind1=" " ind2=" ">
    <subfield code="a"></subfield>
  </datafield>
  <datafield tag="500" ind1=" " ind2=" ">
    <subfield code="a"></subfield>
  </datafield>
  <datafield tag="503" ind1=" " ind2=" ">
    <subfield code="a"></subfield>
  </datafield>
  <datafield tag="650" ind1=" " ind2=" ">
    <subfield code="a">Ganader&#xED;a</subfield>
    <subfield code="x">M&#xE9;todos estad&#xED;sticos </subfield>
    <subfield code="9">44825</subfield>
  </datafield>
  <datafield tag="650" ind1=" " ind2=" ">
    <subfield code="a">Simulaci&#xF3;n I. Flores A., Sa&#xFA;l, ed. II. Instituto Nacional de Investigaciones Forestales y Agropecuarias. M&#xE9;xico. Centro de Investigaciones Forestales y Agropecuarias Regi&#xF3;n Lagunera III. t.</subfield>
    <subfield code="9">138781</subfield>
  </datafield>
  <datafield tag="901" ind1=" " ind2=" ">
    <subfield code="a">636.08 S32</subfield>
  </datafield>
  <datafield tag="902" ind1=" " ind2=" ">
    <subfield code="a">A</subfield>
  </datafield>
  <datafield tag="910" ind1=" " ind2=" ">
    <subfield code="a">1988</subfield>
  </datafield>
  <datafield tag="942" ind1=" " ind2=" ">
    <subfield code="c">1</subfield>
  </datafield>
  <datafield tag="942" ind1=" " ind2=" ">
    <subfield code="c">c1</subfield>
  </datafield>
  <datafield tag="999" ind1=" " ind2=" ">
    <subfield code="c">164706</subfield>
    <subfield code="d">164706</subfield>
  </datafield>
  <datafield tag="952" ind1=" " ind2=" ">
    <subfield code="0">0</subfield>
    <subfield code="1">0</subfield>
    <subfield code="2">ddc</subfield>
    <subfield code="4">0</subfield>
    <subfield code="5">1</subfield>
    <subfield code="7">0</subfield>
    <subfield code="8">GRAL</subfield>
    <subfield code="a">Z</subfield>
    <subfield code="b">Z</subfield>
    <subfield code="d">2005-11-09</subfield>
    <subfield code="i">S/N</subfield>
    <subfield code="o">636.08 S32</subfield>
    <subfield code="p">z_1548</subfield>
    <subfield code="r">2022-01-18 00:00:00</subfield>
    <subfield code="t">Ej.1</subfield>
    <subfield code="w">2022-01-18</subfield>
    <subfield code="y">LIBRO</subfield>
  </datafield>
  <datafield tag="952" ind1=" " ind2=" ">
    <subfield code="0">0</subfield>
    <subfield code="1">0</subfield>
    <subfield code="2">ddc</subfield>
    <subfield code="4">0</subfield>
    <subfield code="5">1</subfield>
    <subfield code="7">0</subfield>
    <subfield code="8">GRAL</subfield>
    <subfield code="a">Z</subfield>
    <subfield code="b">Z</subfield>
    <subfield code="d">2005-11-09</subfield>
    <subfield code="i">S/N</subfield>
    <subfield code="o">636.08 S32</subfield>
    <subfield code="p">z_1549</subfield>
    <subfield code="r">2022-01-18 00:00:00</subfield>
    <subfield code="t">Ej.2</subfield>
    <subfield code="w">2022-01-18</subfield>
    <subfield code="y">LIBRO</subfield>
  </datafield>
  <datafield tag="952" ind1=" " ind2=" ">
    <subfield code="0">0</subfield>
    <subfield code="1">0</subfield>
    <subfield code="2">ddc</subfield>
    <subfield code="4">0</subfield>
    <subfield code="5">1</subfield>
    <subfield code="7">0</subfield>
    <subfield code="8">GRAL</subfield>
    <subfield code="a">Z</subfield>
    <subfield code="b">Z</subfield>
    <subfield code="d">2005-11-09</subfield>
    <subfield code="i">S/N</subfield>
    <subfield code="l">1</subfield>
    <subfield code="o">636.08 S32</subfield>
    <subfield code="p">z_1550</subfield>
    <subfield code="r">2023-04-17 00:00:00</subfield>
    <subfield code="s">2022-11-17</subfield>
    <subfield code="t">Ej.3</subfield>
    <subfield code="w">2022-01-18</subfield>
    <subfield code="y">LIBRO</subfield>
  </datafield>
</record>
